Socialism : the failed idea that never dies /

Bibliographic Details
Main Author: Niemietz, Kristian, (Author)
Format: eBook
Language:English
Published: London : Institute of Economic Affairs, 2019.
Subjects:
Online Access:Click to View
LEADER 01484nam a2200361 i 4500
001 EBC5651366
003 MiAaPQ
005 20200520144314.0
006 m o d |
007 cr cnu||||||||
008 190318s2019 enka o 000 0 eng d
020 |z 9780255367707 
020 |a 9780255367714 (e-book) 
035 |a (MiAaPQ)EBC5651366 
035 |a (Au-PeEL)EBL5651366 
035 |a (OCoLC)1084439444 
040 |a MiAaPQ  |b eng  |e rda  |e pn  |c MiAaPQ  |d MiAaPQ 
050 4 |a HX36  |b .N546 2019 
082 0 |a 335.009  |2 23 
100 1 |a Niemietz, Kristian,  |e author. 
245 1 0 |a Socialism :  |b the failed idea that never dies /  |c Kristian Niemietz. 
264 1 |a London :  |b Institute of Economic Affairs,  |c 2019. 
300 |a 1 online resource (xix, 374 pages) :  |b illustrations 
336 |a text  |b txt  |2 rdacontent 
337 |a computer  |b c  |2 rdamedia 
338 |a online resource  |b cr  |2 rdacarrier 
588 |a Description based on print version record. 
590 |a Electronic reproduction. Ann Arbor, MI : ProQuest, 2018. Available via World Wide Web. Access may be limited to ProQuest affiliated libraries. 
650 0 |a Socialism  |x History. 
655 4 |a Electronic books. 
776 0 8 |i Print version:  |a Niemietz, Kristian.  |t Socialism : the failed idea that never dies.  |d London : Institute of Economic Affairs, 2019   |h xix, 374 pages   |z 9780255367707 
797 2 |a ProQuest (Firm) 
856 4 0 |u https://ebookcentral.proquest.com/lib/matrademy/detail.action?docID=5651366  |z Click to View